000 00474nam a22001457a 4500
003 OSt
008 250212b |||||||| |||| 00| 0 eng d
020 _a9788197818479
100 _aCHAUDHARY, Richa et al.
245 _aSmart Ecosystems: Integrating Game Theory, soft Computing, IOT and Social Networking Data Mining for intelligence Decision Making
260 _aNew Delhi,
_bNaples India:
_c2024.
300 _a312p.
650 _aFaculty Publication
942 _2ddc
_cBK
999 _c13120
_d13120